[Event "Remote-ch Class2 Gr.A email"]
[Site "Remote email"]
[Date "2014.04.20"]
[Round "?"]
[White "Schilling, Frank"]
[Black "Traut, Gerhard"]
[Result "1/2-1/2"]
[WhiteElo "2429"]
[BlackElo "2337"]
[PlyCount "102"]
[EventDate "2014.??.??"]
[EventType "tourn (corr)"]
[EventRounds "10"]
[EventCountry "GER"]
[SourceTitle "Corr 2015"]
[Source "ChessBase"]
[SourceDate "2015.07.17"]
[SourceVersion "1"]
[SourceVersionDate "2015.07.17"]
[SourceQuality "1"]

1. e4 e5 2. Nf3 Nc6 3. Bb5 a6 4. Ba4 Nf6 5. 0-0 Be7 6. Re1 b5 7. Bb3 0-0 8. c3 d5 9. exd5 Nxd5 10. Nxe5 Nxe5 11. Rxe5 c6 12. d4 Bd6 13. Re1 Qh4 14. g3 Qh3 15. Be3 Bg4 16. Qd3 Rae8 17. Nd2 Re6 18. a4 Qh5 19. axb5 axb5 20. Nf1 Bf5 21. Qd2 Bh3 22. Bd1 Qg6 23. Bf3 Qf5 24. Qd1 h5 25. Ra6 Rc8 26. Bd2 Rf6 27. Ne3 Nxe3 28. Rxe3 Bg4 29. Kg2 Bh3+ 30. Kh1 c5 31. Be1 cxd4 32. cxd4 Bg4 33. Kg2 Bh3+ 34. Kg1 Bg4 35. Bxg4 hxg4 36. Rb6 Kh7 37. Rb3 b4 38. Re3 Rg6 39. Qd3 Qxd3 40. Rxd3 Bf8 41. Rb7 Rc1 42. Re3 Re6 43. Kf1 Kg8 44. d5 Rxe3 45. fxe3 f5 46. Ke2 Rc2+ 47. Bd2 Rxb2 48. Kd3 Bc5 49. Rb5 Be7 50. Rb6 Kf7 51. d6 Bf6 1/2-1/2

[Event "Remote-ch Class2 Gr.A email"]
[Site "Remote email"]
[Date "2014.04.20"]
[Round "?"]
[White "Warzecha, Helmut"]
[Black "Schilling, Frank"]
[Result "1-0"]
[WhiteElo "2439"]
[BlackElo "2429"]
[PlyCount "51"]
[EventDate "2014.??.??"]
[EventType "tourn (corr)"]
[EventRounds "10"]
[EventCountry "GER"]
[SourceTitle "Corr 2015"]
[Source "ChessBase"]
[SourceDate "2015.07.17"]
[SourceVersion "1"]
[SourceVersionDate "2015.07.17"]
[SourceQuality "1"]

1. e4 c5 2. Nf3 d6 3. d4 cxd4 4. Nxd4 Nf6 5. Nc3 g6 6. Be3 Bg7 7. f3 0-0 8. Qd2 Nc6 9. Bc4 Bd7 10. g4 Rc8 11. Be2 a6 12. 0-0-0 b5 13. Kb1 Ne5 14. h4 h5 15. Bh6 Nc4 16. Bxc4 Rxc4 17. Nf5 gxf5 18. Qg5 Ne8 19. Bxg7 Nxg7 20. gxf5 f6 21. Qh6 Rxc3 22. Rhg1 Rf7 23. bxc3 Qf8 24. Rg6 e6 25. Rdg1 exf5 26. Qxh5 1-0

[Event "Remote S7E Pro email"]
[Site "Remote email"]
[Date "2014.01.29"]
[Round "?"]
[White "Schilling, Frank"]
[Black "Galje, Hans"]
[Result "1/2-1/2"]
[WhiteElo "2446"]
[BlackElo "2339"]
[PlyCount "46"]
[EventDate "2014.??.??"]
[EventType "tourn (corr)"]
[EventRounds "6"]
[EventCountry "GER"]
[SourceTitle "Corr 2015"]
[Source "ChessBase"]
[SourceDate "2015.07.17"]
[SourceVersion "1"]
[SourceVersionDate "2015.07.17"]
[SourceQuality "1"]

1. e4 c5 2. Nf3 e6 3. d4 cxd4 4. Nxd4 Nc6 5. Nc3 Qc7 6. Be3 a6 7. Qd2 Nf6 8. 0-0-0 Be7 9. f3 0-0 10. g4 b5 11. g5 Nh5 12. Nce2 Rd8 13. Ng3 Nxd4 14. Qxd4 Nf4 15. h4 Bb7 16. Qb6 Qb8 17. Kb1 d5 18. Bxf4 Qxf4 19. Qxb7 Bc5 20. Rh3 Rdb8 21. Qc6 Rc8 22. Qd7 Rd8 23. Qc6 Rdc8 1/2-1/2

[Event "Remote-ch 2012 email"]
[Site "Remote email"]
[Date "2013.12.07"]
[Round "2"]
[White "Schilling, Frank"]
[Black "Rosche, Ernst"]
[Result "1/2-1/2"]
[WhiteElo "2443"]
[BlackElo "2499"]
[PlyCount "67"]
[EventDate "2013.??.??"]
[EventType "tourn (corr)"]
[EventRounds "6"]
[EventCountry "GER"]
[SourceTitle "Corr 2015"]
[Source "ChessBase"]
[SourceDate "2015.07.17"]
[SourceVersion "1"]
[SourceVersionDate "2015.07.17"]
[SourceQuality "1"]

1. e4 c5 2. Nf3 d6 3. d4 cxd4 4. Nxd4 Nf6 5. Nc3 a6 6. Be3 e5 7. Nb3 Be6 8. f3 Be7 9. Qd2 Nbd7 10. g4 h6 11. 0-0-0 b5 12. h4 Nb6 13. Qf2 Nfd7 14. Kb1 Nc4 15. Bxc4 bxc4 16. Nc1 Rb8 17. N1e2 Qa5 18. Ka1 0-0 19. g5 h5 20. Nd5 Bd8 21. Nec3 Re8 22. a3 Rb7 23. Qg3 Kh8 24. g6 f5 25. Qg2 f4 26. Bf2 Nf6 27. Be1 Nxd5 28. Nxd5 Qb5 29. Bb4 a5 30. Bc3 Rf8 31. Rhg1 Kg8 32. Qh2 Qd7 33. Rg5 Qe8 34. Rg2 1/2-1/2

[Event "Remote S7E High-148 email"]
[Site "Remote email"]
[Date "2013.09.12"]
[Round "?"]
[White "Leisebein, Peter"]
[Black "Schilling, Frank"]
[Result "1/2-1/2"]
[WhiteElo "2453"]
[BlackElo "2443"]
[PlyCount "54"]
[EventDate "2013.??.??"]
[EventType "tourn (corr)"]
[EventRounds "6"]
[EventCountry "GER"]
[SourceTitle "Corr 2015"]
[Source "ChessBase"]
[SourceDate "2015.07.17"]
[SourceVersion "1"]
[SourceVersionDate "2015.07.17"]
[SourceQuality "1"]

1. d4 d5 2. e4 dxe4 3. Nc3 e5 4. Nxe4 Qxd4 5. Bd3 Nc6 6. Nf3 Qd5 7. 0-0 Bg4 8. h3 Be6 9. Qe2 0-0-0 10. Nc3 Qa5 11. Bd2 a6 12. a3 Nd4 13. Qe3 Nxf3+ 14. Qxf3 c6 15. Bf5 Nf6 16. Rad1 Qc7 17. Bxe6+ fxe6 18. Ne4 Nxe4 19. Qxe4 Bc5 20. Bc3 Rd5 21. b4 Rhd8 22. Rb1 Bd4 23. Bxd4 exd4 24. Qxe6+ Qd7 25. Qe2 d3 26. cxd3 Rxd3 27. a4 Rd5 1/2-1/2

[Event "Remote S7E High-146 email"]
[Site "Remote email"]
[Date "2013.07.11"]
[Round "?"]
[White "Leisebein, Peter"]
[Black "Schilling, Frank"]
[Result "1/2-1/2"]
[WhiteElo "2445"]
[BlackElo "2440"]
[PlyCount "52"]
[EventDate "2013.??.??"]
[EventType "tourn (corr)"]
[EventRounds "6"]
[EventCountry "GER"]
[SourceTitle "Corr 2015"]
[Source "ChessBase"]
[SourceDate "2015.07.17"]
[SourceVersion "1"]
[SourceVersionDate "2015.07.17"]
[SourceQuality "1"]

1. d4 Nf6 2. f3 d5 3. e4 dxe4 4. Nc3 exf3 5. Nxf3 c6 6. Bd3 Bg4 7. Be3 e6 8. h3 Bh5 9. Qe2 Nbd7 10. 0-0-0 Bb4 11. g4 Bg6 12. Bxg6 hxg6 13. d5 Bxc3 14. dxe6 fxe6 15. Bc5 e5 16. Qd3 e4 17. Qc4 Qc7 18. Bd6 Bxb2+ 19. Kxb2 Qb6+ 20. Ka1 exf3 21. Qe6+ Kd8 22. Be7+ Kc7 23. Bxf6 Nxf6 24. Qe7+ Kb8 25. Qxg7 Re8 26. Qxf6 a5 1/2-1/2

[Event "Remote-ch Class3 email"]
[Site "Remote email"]
[Date "2013.04.01"]
[Round "?"]
[White "Jauk, Siegfried"]
[Black "Schilling, Frank"]
[Result "1/2-1/2"]
[WhiteElo "2448"]
[BlackElo "2437"]
[PlyCount "53"]
[EventDate "2013.??.??"]
[EventType "tourn (corr)"]
[EventRounds "6"]
[EventCountry "GER"]
[SourceTitle "Corr 2015"]
[Source "ChessBase"]
[SourceDate "2015.07.17"]
[SourceVersion "1"]
[SourceVersionDate "2015.07.17"]
[SourceQuality "1"]

1. e4 c5 2. Nf3 d6 3. d4 cxd4 4. Nxd4 Nf6 5. Nc3 g6 6. Be3 Bg7 7. f3 0-0 8. Qd2 Nc6 9. Bc4 Bd7 10. 0-0-0 Rc8 11. Bb3 Ne5 12. Kb1 a6 13. h4 h5 14. g4 hxg4 15. h5 Nxh5 16. Rdg1 Rc5 17. Bh6 Kh7 18. Bxg7 Kxg7 19. f4 Nc4 20. Bxc4 Rxc4 21. f5 e5 22. fxe6 fxe6 23. Nde2 e5 24. Qxd6 Qe8 25. Qd2 Rf3 26. b3 Rc6 27. Nd5 1/2-1/2

[Event "Remote-ch Class3 email"]
[Site "Remote email"]
[Date "2013.04.01"]
[Round "?"]
[White "Moyses, Michael"]
[Black "Schilling, Frank"]
[Result "1/2-1/2"]
[WhiteElo "2447"]
[BlackElo "2437"]
[PlyCount "60"]
[EventDate "2013.??.??"]
[EventType "tourn (corr)"]
[EventRounds "6"]
[EventCountry "GER"]
[SourceTitle "Corr 2015"]
[Source "ChessBase"]
[SourceDate "2015.07.17"]
[SourceVersion "1"]
[SourceVersionDate "2015.07.17"]
[SourceQuality "1"]

1. e4 c5 2. Nf3 d6 3. d4 cxd4 4. Nxd4 Nf6 5. Nc3 g6 6. g3 Bg7 7. Bg2 0-0 8. 0-0 Nc6 9. Nde2 Bd7 10. Nf4 Rc8 11. Nfd5 Nxd5 12. Nxd5 e6 13. Ne3 Qc7 14. a4 a6 15. c3 b5 16. axb5 axb5 17. Nc2 Ra8 18. Rxa8 Rxa8 19. Bf4 Ne5 20. Qe2 Nc4 21. e5 d5 22. Bxd5 exd5 23. e6 Qb7 24. exd7 Qxd7 25. b3 Na5 26. Qf3 Nxb3 27. Rd1 Rc8 28. Qxd5 Qxd5 29. Rxd5 Bxc3 30. Rxb5 Nd4 1/2-1/2

[Event "Remote-ch Class3 email"]
[Site "Remote email"]
[Date "2013.04.01"]
[Round "?"]
[White "Warzecha, Helmut"]
[Black "Schilling, Frank"]
[Result "1/2-1/2"]
[WhiteElo "2397"]
[BlackElo "2437"]
[PlyCount "68"]
[EventDate "2013.??.??"]
[EventType "tourn (corr)"]
[EventRounds "6"]
[EventCountry "GER"]
[SourceTitle "Corr 2015"]
[Source "ChessBase"]
[SourceDate "2015.07.17"]
[SourceVersion "1"]
[SourceVersionDate "2015.07.17"]
[SourceQuality "1"]

1. e4 c5 2. Nf3 d6 3. d4 cxd4 4. Nxd4 Nf6 5. Nc3 g6 6. Be3 Bg7 7. f3 0-0 8. Qd2 Nc6 9. Bc4 Bd7 10. g4 Ne5 11. Bb3 b5 12. h4 b4 13. Nd5 Nxd5 14. Bxd5 Rc8 15. h5 e6 16. Bb3 a5 17. hxg6 fxg6 18. Qh2 Kf7 19. Qh3 Nc4 20. Bxc4 Rxc4 21. 0-0-0 Qc7 22. Rd2 h6 23. f4 Rc8 24. Rhh2 Qb7 25. e5 a4 26. Kd1 b3 27. axb3 axb3 28. Nxb3 Rxc2 29. Rxc2 Qxb3 30. Bd4 Ba4 31. Qxb3 Bxb3 32. Kc1 Bxc2 33. Rxc2 Rxc2+ 34. Kxc2 dxe5 1/2-1/2

[Event "LSS-Remote email"]
[Site "Remote email"]
[Date "2013.02.10"]
[Round "?.11"]
[White "Schilling, Frank"]
[Black "Laghetti, Gaetano"]
[Result "1/2-1/2"]
[WhiteElo "2276"]
[BlackElo "2364"]
[PlyCount "101"]
[EventDate "2013.??.??"]
[EventType "team-match (corr)"]
[EventRounds "2"]
[EventCountry "GER"]
[SourceTitle "Corr 2015"]
[Source "ChessBase"]
[SourceDate "2015.07.17"]
[SourceVersion "1"]
[SourceVersionDate "2015.07.17"]
[SourceQuality "1"]
[WhiteTeam "Remote"]
[BlackTeam "LSS"]

1. e4 c5 2. Nf3 d6 3. d4 cxd4 4. Nxd4 Nf6 5. Nc3 a6 6. Be3 e6 7. f3 b5 8. Qd2 Nbd7 9. g4 b4 10. Nce2 h6 11. 0-0-0 Qc7 12. h4 d5 13. Bf4 Qa5 14. Kb1 dxe4 15. Bg2 Bb7 16. g5 exf3 17. Bxf3 Bxf3 18. gxf6 Bd5 19. Nb3 Qb6 20. fxg7 Bxg7 21. Rhg1 Bf6 22. Be3 Qb7 23. Nf4 Bf3 24. Rdf1 Rc8 25. Qf2 Be4 26. Bc5 Rf8 27. Nh5 Be5 28. Rc1 Nxc5 29. Nxc5 Qd5 30. Nxe4 Qxe4 31. Nf6+ Bxf6 32. Qxf6 h5 33. Rgd1 Rg8 34. Rd2 Qf5 35. Qd4 Qd5 36. Qxb4 Rg4 37. Rxd5 Rxb4 38. Rxh5 Ke7 39. b3 Re4 40. c4 f5 41. Rc2 Kf6 42. Rh2 Rb8 43. Kc2 a5 44. Rh7 a4 45. Ra7 axb3+ 46. axb3 Re3 47. Ra3 Kg6 48. Rg2+ Kh6 49. Rd2 f4 50. Rd3 Re2+ 51. Kc3 1/2-1/2

[Event "DESC-Remote email"]
[Site "Remote email"]
[Date "2013.02.10"]
[Round "?.11"]
[White "Wichert, Gerd"]
[Black "Schilling, Frank"]
[Result "1/2-1/2"]
[WhiteElo "2311"]
[BlackElo "2276"]
[PlyCount "50"]
[EventDate "2013.??.??"]
[EventType "team-match (corr)"]
[EventRounds "2"]
[EventCountry "GER"]
[SourceTitle "Corr 2015"]
[Source "ChessBase"]
[SourceDate "2015.07.17"]
[SourceVersion "1"]
[SourceVersionDate "2015.07.17"]
[SourceQuality "1"]
[WhiteTeam "DESC"]
[BlackTeam "Remote"]

1. d4 Nf6 2. c4 e6 3. g3 d5 4. Nf3 Be7 5. Bg2 0-0 6. 0-0 dxc4 7. Qc2 a6 8. Qxc4 b5 9. Qc2 Bb7 10. Bd2 Be4 11. Qc1 Bb7 12. Bf4 Nd5 13. Nc3 Nxf4 14. Qxf4 Nd7 15. Rfd1 Bd6 16. Qe3 Nb6 17. Ne1 Bxg2 18. Kxg2 Nc4 19. Qc1 f5 20. b3 Nb6 21. e3 Qe7 22. Nd3 Rfc8 23. a4 c5 24. dxc5 Bxc5 25. Qd2 Qb7+ 1/2-1/2

[Event "Remote S7E High-135 email"]
[Site "Remote email"]
[Date "2012.10.17"]
[Round "?"]
[White "Schilling, Frank"]
[Black "Dietrich, Udo"]
[Result "1/2-1/2"]
[WhiteElo "2434"]
[BlackElo "2432"]
[PlyCount "63"]
[EventDate "2012.??.??"]
[EventType "tourn (corr)"]
[EventRounds "6"]
[EventCountry "GER"]
[SourceTitle "Corr 2015"]
[Source "ChessBase"]
[SourceDate "2015.07.17"]
[SourceVersion "1"]
[SourceVersionDate "2015.07.17"]
[SourceQuality "1"]

1. e4 e5 2. Nf3 Nc6 3. d4 exd4 4. Bc4 Nf6 5. 0-0 Nxe4 6. Re1 d5 7. Bxd5 Qxd5 8. Nc3 Qa5 9. Nxe4 Be6 10. Neg5 0-0-0 11. Nxe6 fxe6 12. Rxe6 Bd6 13. Bg5 Rde8 14. Qe2 Kd7 15. Rxe8 Rxe8 16. Qd3 h6 17. Bd2 Qh5 18. h3 Rf8 19. c3 dxc3 20. Bxc3 Kc8 21. a3 g5 22. Re1 g4 23. hxg4 Qxg4 24. Re4 Qg6 25. Qe2 h5 26. Nh4 Qf7 27. Re6 Bc5 28. Rf6 Qe7 29. Qxe7 Bxe7 30. Rxf8+ Bxf8 31. Ng6 Bd6 32. g3 1/2-1/2

[Event "Remote S7E Pro-155 email"]
[Site "Remote email"]
[Date "2012.08.01"]
[Round "?"]
[White "Schilling, Frank"]
[Black "Spreemann, Ralf"]
[Result "1/2-1/2"]
[WhiteElo "2429"]
[BlackElo "2343"]
[PlyCount "83"]
[EventDate "2012.??.??"]
[EventType "tourn (corr)"]
[EventRounds "6"]
[EventCountry "GER"]
[SourceTitle "Corr 2015"]
[Source "ChessBase"]
[SourceDate "2015.07.17"]
[SourceVersion "1"]
[SourceVersionDate "2015.07.17"]
[SourceQuality "1"]

1. e4 c6 2. d4 d5 3. e5 Bf5 4. Nf3 e6 5. Be2 Ne7 6. 0-0 h6 7. Nbd2 Nd7 8. Nb3 Ng6 9. Ne1 h5 10. Be3 c5 11. Nxc5 Bxc5 12. dxc5 Ngxe5 13. Nd3 h4 14. h3 0-0 15. Nxe5 Nxe5 16. Re1 Nc6 17. c3 Qe7 18. b4 a6 19. a4 Rfd8 20. Bg4 Be4 21. Qd2 Ne5 22. f3 Nxg4 23. hxg4 Bh7 24. Bg5 f6 25. Bxh4 g5 26. Bf2 e5 27. Rad1 Bg6 28. Be3 Kf7 29. Re2 Qe6 30. Rde1 Re8 31. Qd1 Qd7 32. Rd2 Rad8 33. Qb3 Kg7 34. Kf2 Bf7 35. Qd1 Qc6 36. Rde2 Rd7 37. Qc1 Bg6 38. a5 Rdd8 39. Qb2 Bd3 40. Rd2 e4 41. Bd4 Kf7 42. Rh1 1/2-1/2

[Event "Remote S7E Pro-155 email"]
[Site "Remote email"]
[Date "2012.08.01"]
[Round "?"]
[White "Schilling, Frank"]
[Black "Teske, Heike"]
[Result "1-0"]
[WhiteElo "2429"]
[BlackElo "2203"]
[PlyCount "99"]
[EventDate "2012.??.??"]
[EventType "tourn (corr)"]
[EventRounds "6"]
[EventCountry "GER"]
[SourceTitle "Corr 2015"]
[Source "ChessBase"]
[SourceDate "2015.07.17"]
[SourceVersion "1"]
[SourceVersionDate "2015.07.17"]
[SourceQuality "1"]

1. e4 e5 2. Nf3 Nc6 3. Bb5 Bc5 4. c3 Bb6 5. 0-0 Nf6 6. d4 0-0 7. Bg5 h6 8. Bh4 d6 9. a4 exd4 10. Bxc6 bxc6 11. a5 Bc5 12. b4 g5 13. Nxg5 hxg5 14. Bxg5 Re8 15. Qf3 Kg7 16. bxc5 dxc5 17. Nd2 Qd6 18. Rfe1 Rb8 19. e5 Rxe5 20. Bf4 Rxe1+ 21. Rxe1 Bg4 22. Qg3 Qd7 23. Be5 Re8 24. cxd4 Kg6 25. h3 Nh5 26. Qxg4+ Qxg4 27. hxg4 Nf4 28. Kf1 Nd3 29. Re3 Nb4 30. dxc5 Nd5 31. Re1 Rb8 32. Nf3 Rb5 33. Bd4 Kh7 34. Re8 f6 35. Ra8 Rxa5 36. Nh4 Kg7 37. g5 Ra4 38. Rd8 Rxd4 39. Nf5+ Kg6 40. Nxd4 Nb4 41. Ra8 a6 42. Ra7 Nd5 43. Rxa6 Nb4 44. Ra7 Nd5 45. Ke2 fxg5 46. g3 Kf7 47. Kd3 Ke8 48. Nxc6 Kd7 49. Ne5+ Kd8 50. Kd4 1-0

[Event "Remote S7E High-125 email"]
[Site "Remote email"]
[Date "2012.05.12"]
[Round "?"]
[White "Schilling, Frank"]
[Black "Scherer, Andreas"]
[Result "1/2-1/2"]
[WhiteElo "2420"]
[BlackElo "2434"]
[PlyCount "57"]
[EventDate "2012.??.??"]
[EventType "tourn (corr)"]
[EventRounds "6"]
[EventCountry "GER"]
[SourceTitle "Corr 2015"]
[Source "ChessBase"]
[SourceDate "2015.07.17"]
[SourceVersion "1"]
[SourceVersionDate "2015.07.17"]
[SourceQuality "1"]

1. e4 e6 2. d4 d5 3. Nc3 Nf6 4. Bg5 Be7 5. e5 Nfd7 6. h4 h6 7. Bxe7 Qxe7 8. f4 a6 9. Qg4 0-0 10. Nf3 c5 11. 0-0-0 Nc6 12. Kb1 Nxd4 13. Nxd4 cxd4 14. Ne2 Nc5 15. Rxd4 Ne4 16. Qf3 Bd7 17. g4 Rac8 18. Qe3 Bb5 19. g5 Qc5 20. c3 h5 21. Bg2 Bxe2 22. Bxe4 Bg4 23. Bd3 g6 24. Re1 Rfd8 25. Rb4 Qxe3 26. Rxe3 a5 27. Rd4 Kg7 28. Re1 Rc7 29. Kc2 1/2-1/2

[Event "Unterfranken-ch HB 59th"]
[Site "Rieneck"]
[Date "2008.03.27"]
[Round "5"]
[White "Link, Fabian"]
[Black "Schilling, Frank"]
[Result "0-1"]
[WhiteElo "1529"]
[BlackElo "1821"]
[PlyCount "116"]
[EventDate "2008.03.24"]
[EventType "swiss"]
[EventRounds "9"]
[EventCountry "GER"]
[SourceTitle "EXT 2015"]
[Source "ChessBase"]
[SourceDate "2014.11.20"]
[SourceVersion "1"]
[SourceVersionDate "2014.11.20"]
[SourceQuality "1"]

1. c4 Nf6 2. Nc3 e6 3. e4 Nc6 4. d4 Bb4 5. e5 Ne4 6. Qd3 f5 7. exf6 Nxf6 8. Nf3 0-0 9. Ng5 e5 10. Be3 exd4 11. Bxd4 Nxd4 12. Qxd4 Qe7+ 13. Kd2 c5 14. Qd3 d5 15. Re1 Ne4+ 16. Ngxe4 dxe4 17. Qxe4 Qg5+ 18. Qe3 Rxf2+ 19. Kc1 Qxe3+ 20. Rxe3 Bxc3 21. Rxc3 Bf5 22. Bd3 Bxd3 23. Rxd3 Rxg2 24. h3 Rf8 25. Rhd1 Rff2 26. Rd8+ Kf7 27. R8d7+ Kg6 28. Rxb7 Rc2+ 29. Kb1 h5 30. Rxa7 Rxb2+ 31. Ka1 h4 32. Rf1 Rbc2 33. a4 Rxc4 34. a5 Ra4+ 35. Kb1 Kh6 36. Ra8 Rg3 37. a6 Rga3 38. Rh8+ Kg5 39. Rg1+ Rg3 40. Rd1 Rxh3 41. Rd5+ Kf4 42. Rxc5 g5 43. Rf8+ Kg4 44. Rg8 Rha3 45. Rcxg5+ Kh3 46. Rh5 Rxa6 47. Rgh8 R6a4 48. Rd8 Rg3 49. Rd7 Rg2 50. Rd3+ Kh2 51. Rc3 Rf4 52. Rc2 Rf1+ 53. Kb2 h3 54. Kc3 Rf3+ 55. Kb2 Rxc2+ 56. Kxc2 Kg2 57. Kd2 h2 58. Ke2 Rg3 0-1